Queen Liedjes - Sudden Death - Statistieken

Algemene statistieken
  • Deze quiz is 58 keer genomen
  • De gemiddelde score is 13 van 20
Answers on the Grid
Answers color-coded by a green-red scale on the quiz's grid according to % correct below.
A Kind Of Magic
All The King's Men
Another One Bites The Dust
Babooshka
Bicycle Race
Bohemian Rhapsody
Crazy Little Thing Called Love
Dancing Queen
Don't Stop Me Now
Double Vision
Fat Bottomed Girls
Flash
Foxy Lady
I Want It All
I Want To Break Free
Keep Yourself Alive
Killer Queen
Life On Mercury
Money
Pinball Wizard
Radio Ga Ga
Rocket Man
Somebody To Love
The Girl Is Mine
The Show Must Go On
There Can Be Only One
Under Pressure
We Are The Champions
We Will Rock You
Who Wants To Live Forever
Whole Lotte Love
You're My Best Friend
Zanzibar
 
Antwoordstatistieken
Antwoord % Correct
Bohemian Rhapsody
90%
Radio Ga Ga
87%
I Want To Break Free
84%
We Are The Champions
84%
Another One Bites The Dust
81%
Don't Stop Me Now
81%
Killer Queen
81%
Under Pressure
77%
We Will Rock You
77%
The Show Must Go On
74%
A Kind Of Magic
71%
Somebody To Love
68%
Crazy Little Thing Called Love
61%
Who Wants To Live Forever
55%
Bicycle Race
52%
I Want It All
52%
Fat Bottomed Girls
45%
Flash
35%
You're My Best Friend
32%
Keep Yourself Alive
19%
Geen overeenkomende quizzen gevonden
Scoreverdeling
Procent van Mensen met Elke Score
Percentiel versus Aantal Correcte Antwoorden
Uw Scoregeschiedenis
U heeft deze quiz nog niet genomen